Adhesion failure in bonded rubber cylinders. Part.1. Internal penny-shaped cracks (Record no. 53809)

MARC details
000 -LEADER
fixed length control field 00466nam a2200169Ia 4500
100 ## - MAIN ENTRY--AUTHOR NAME
Personal name Leicht D C
245 #0 - TITLE STATEMENT
Title Adhesion failure in bonded rubber cylinders. Part.1. Internal penny-shaped cracks
260 ## - PUBLICATION, DISTRIBUTION, ETC. (IMPRINT)
Name of publisher Rubber Chemistry and Technology
Year of publication 2003
300 ## - PHYSICAL DESCRIPTION
Number of Pages 160-173
650 ## - SUBJECT ADDED ENTRY--TOPICAL TERM
Topical Term Rubber cylinders
700 ## - ADDED ENTRY--PERSONAL NAME
Personal name Gent A N
700 ## - ADDED ENTRY--PERSONAL NAME
Personal name Mullen R L
700 ## - ADDED ENTRY--PERSONAL NAME
Personal name Padovan J
700 ## - ADDED ENTRY--PERSONAL NAME
Personal name Yeoh O H
942 ## - ADDED ENTRY ELEMENTS (KOHA)
Koha item type Journals
Holdings
Withdrawn status Lost status Damaged status Not for loan Home library Current library Shelving location Date acquired Serial Enumeration / chronology Koha item type
      Journals RRII Library RRII Library Rubber chemistry 27/08/2003 Volume 76, Issue 1 Journals